Zöld forradalom a Forma-1-ben
| Main Author: | |
|---|---|
| Other Authors: | |
| Format: | Students’ Scientific Association paper |
| Kulcsszavak: | Autósport fenntarthatóság Formula-1 greenwashing szabályváltozás |
| Online Access: | http://dolgozattar.uni-bge.hu/60517 |
MARC
| LEADER | 00000nta a2200000 i 4500 | ||
|---|---|---|---|
| 001 | dolg60517 | ||
| 005 | 20260416073834.0 | ||
| 008 | 260416suuuu hu o 000 hun d | ||
| 040 | |a BGE Dolgozattár Repozitórium |b hun | ||
| 041 | |a hu | ||
| 100 | 1 | |a Katonka Kitti | |
| 245 | 1 | 0 | |a Zöld forradalom a Forma-1-ben |c Katonka Kitti |h [elektronikus dokumentum] |
| 516 | |a Students_Scientific_Association_paper | ||
| 520 | 3 | |a A fenntarthatóság mára a globális sportgazdaság egyik legnagyobb kihívásává vált. Az éghajlatváltozás és a környezeti erőforrások kimerülése új megközelítést igényel minden iparágban, beleértve a sportot is. A Forma–1, mint a világ legnézettebb és technológiailag legfejlettebb autósport-sorozata, kiváló lehetőséget nyújt a fenntarthatósági átállás vizsgálatára. A tanulmány célja, hogy feltárja, mennyiben járulnak hozzá a sportág környezetvédelmi stratégiái a kibocsátás csökkentéséhez és ezek az intézkedések mennyire tekinthetők hitelesnek és hosszú távon fenntarthatónak. A kutatásom központi kérdése: A Forma–1 fenntarthatósági törekvései valóban hozzájárulnak-e a sportág környezeti hatásainak csökkentéséhez? A tanulmány kvalitatív és kvantitatív módszereket alkalmaz. Feldolgoztam a FIA és a Formula One Management hivatalos fenntarthatósági jelentéseit, valamint a Ferrari, Mercedes és McLaren csapatok ESG és CSR-riportjait. Egy online kérdőív segítségével vizsgáltam a szurkolók fenntarthatósági attitűdjeit és percepcióit. Emellett interjút készítettem Szeleczky Ádámmal, a Forma–1 szakkommentátorával, aki szakmai szempontból értékelte a sportág zöld átállását. Az elemzés rávilágít arra, hogy a Forma–1 az elmúlt időszakban komoly erőfeszítéseket tett környezeti terhelésének csökkentésére. A hibrid motorok bevezetése, az újrahasznosítás előtérbe helyezése és a 2026-tól kötelező fenntartható üzemanyagok használata mind előremutató lépések. Az eredmények azonban arra is rávilágítanak, hogy a környezettudatos imázs és a tényleges teljesítmény között továbbra is észlelhető különbség, különösen a logisztikai megoldások és a szponzori tevékenységek esetében, ahol fennáll a környezettudatosság látszólagos hangsúlyozásának kockázata. A kérdőív eredményei szerint a válaszadók 37,4 százaléka közepesen, 40,6 százaléka pedig teljesen hitelesnek tartja a Forma–1 fenntarthatósági intézkedéseit. Ugyanakkor 38,2 százalékuk szerint ezek az intézkedések részben inkább PR célokat szolgálnak, ami kritikus hozzáállást jelez. Összességében a tanulmány megállapítja, hogy a Forma–1 zöld átállása elindult, de a sikerhez elengedhetetlen az átláthatóság, az innováció és a társadalmi bevonás összehangolt érvényesítése. A sportág példát mutathat arra, hogyan közelíthet egy hagyományosan környezetszennyező iparág a fenntarthatóság élvonalához. | |
| 695 | |a Autósport | ||
| 695 | |a fenntarthatóság | ||
| 695 | |a Formula-1 | ||
| 695 | |a greenwashing | ||
| 695 | |a szabályváltozás | ||
| 700 | 1 | |a Németh Dr. Patrícia Ilona |e ths | |
| 856 | 4 | 0 | |u http://dolgozattar.uni-bge.hu/60517/1/Katonka_Kitti_Zold_Forradalom_A_Forma1ben_TDK_Dolgozat.pdf |z Dokumentum-elérés |
| 856 | 4 | 0 | |u http://dolgozattar.uni-bge.hu/60517/2/Katonka_Kitti_Rezume_TDK.pdf |z Dokumentum-elérés |
| 856 | 4 | 0 | |u http://dolgozattar.uni-bge.hu/60517/3/Katonka_Kitti_rezume.docx |z Dokumentum-elérés |
| 856 | 4 | 0 | |u http://dolgozattar.uni-bge.hu/60517/4/Katonka_Kitti_BGE%20TDK_Szerz%C5%91i%20hozz%C3%A1j%C3%A1rul%C3%A1s%20nyilatkozat%202025.pdf |z Dokumentum-elérés |
| 856 | 4 | 0 | |u http://dolgozattar.uni-bge.hu/60517/5/Dolgozat_biralati_lap_2025-Katonka%20Kitti-S%C3%A1ndorNikolett.pdf |z Dokumentum-elérés |
| 856 | 4 | 0 | |u http://dolgozattar.uni-bge.hu/60517/6/Katonka%20Kitti.pdf |z Dokumentum-elérés |